000 00846nam a2200241 i 4500
001 bg
100 1 _aCRISFIELD, M. A.
245 0 0 _aNon-linear finite element analysis of solids and structures.
_nVol. 2,
_pAdvanced topics /
_cM. A. Crisfield.
260 _aChichester [et. al.] :
_bJohn Wiley and Sons,
_ccop. 1997.
300 _a494 s. :
_brys., wykr. ;
_e24 cm.
504 _aBibliogr. po rozdz. - Indeks.
650 9 _aMetoda elementów skończonych
_xstosowanie
_xmechanika
650 9 _aNaprężenia i odkształcenia
_xbadanie
_xmetody
650 9 _aPlastyczność
_xbadanie
_xmetody
650 9 _aWytrzymałość materiałów
_xbadanie
_xmetody
020 _a047195649X
040 _cBPK
041 0 _aen
080 _a519.61/.65:539.3/.6:620.1
920 _a0-471-95649-X
942 _cKS
008 s pl f |000 0 pol
999 _c32150
_d32150
856 _uhttp://koha.tu.koszalin.pl/cgi-bin/koha/opac-detail.pl?biblionumber=32150
_yKatalog online BPK